| 000 | 00598nam a22001697a 4500 | ||
|---|---|---|---|
| 003 | BD-DhUL | ||
| 005 | 20160830110341.0 | ||
| 008 | 160830b xxu||||| |||| 00| 0 eng d | ||
| 040 | _cBD-DhUL | ||
| 082 |
_a922.97 _bABS |
||
| 100 | _aভট্টাচার্য, আবুল হোসেন | ||
| 245 |
_aশেষ নিবেদন / _cভট্টাচার্য, আবুল হোসেন |
||
| 260 |
_aঢাকা : _bজাহানারা, _c১৯৭১. |
||
| 300 |
_a১৯৬ পৃ. ; _c১৮ সেমি. |
||
| 650 |
_aইতিহাস _vHistory |
||
| 942 |
_2ddc _cBK |
||
| 999 |
_c102767 _d102767 |
||